| 000 | 00603nam a2200229Ia 4500 | ||
|---|---|---|---|
| 003 | OSt | ||
| 005 | 20221007063833.0 | ||
| 006 | a|||||r|||| 00| 0 | ||
| 007 | ta | ||
| 008 | 221006b |||||||| |||| 00| 0 eng d | ||
| 024 | _a14,387 | ||
| 037 | _cTextual | ||
| 040 |
_aFLL _cFLL _beng |
||
| 041 |
_2eng _aeng |
||
| 082 | _aX:5:Z2, L9 | ||
| 100 |
_aSengupta Surajit _9684819 |
||
| 245 | 0 | _aBusiness law in India | |
| 260 |
_aCalcutta _bOxford University Press India _c1979 |
||
| 300 |
_a872p _ccm. |
||
| 942 |
_hX:5:Z2, L9 _cTEXL _2CC |
||
| 999 |
_c1132312 _d1132312 |
||